Materika/ (Record no. 3794)

MARC details
000 -LEADER
campo de control de longitud fija 01214nam a22003377a 4500
003 - IDENTIFICADOR DE NÚMERO DE CONTROL
campo de control OSt
005 - FECHA Y HORA DE LA ÚLTIMA TRANSACCIÓN
campo de control 20230607082311.0
008 - DATOS DE LONGITUD FIJA--INFORMACIÓN GENERAL
campo de control de longitud fija 221006b |||||||| |||| 00| 0 eng d
040 ## - FUENTE DE CATALOGACIÓN
Centro/agencia transcriptor Biblioteca Lado V
082 ## - NÚMERO DE LA CLASIFICACIÓN DECIMAL DEWEY
Número de clasificación 800
Número de ítem P419m
100 ## - ENTRADA PRINCIPAL--NOMBRE DE PERSONA
9 (RLIN) 270
Nombre de persona Peña, Alfonso
Término indicativo de función/relación editor
245 ## - MENCIÓN DEL TÍTULO
Título Materika/
260 ## - PUBLICACIÓN, DISTRIBUCIÓN, ETC.
Lugar de publicación, distribución, etc. Costa Rica
Nombre del editor, distribuidor, etc. Ediciones Andromeda
Fecha de publicación, distribución, etc. 2002
300 ## - DESCRIPCIÓN FÍSICA
Dimensiones 15.5x21cm
Extensión 50p.
366 ## - INFORMACIÓN SOBRE DISPONIBILIDAD COMERCIAL
Nota spa
490 ## - MENCIÓN DE SERIE
Mención de serie 5
Designación de volumen o secuencia 1
Número Internacional Normalizado para Publicaciones Seriadas 1409-3693
505 ## - NOTA DE CONTENIDO CON FORMATO
Nota de contenido con formato Poemas
Mención de responsabilidad Guillermo Fernandez
505 ## - NOTA DE CONTENIDO CON FORMATO
Nota de contenido con formato Ensayo Santiago Dabove
505 ## - NOTA DE CONTENIDO CON FORMATO
Nota de contenido con formato Cuento Ser Polvo
Mención de responsabilidad Santiago Dabove
505 ## - NOTA DE CONTENIDO CON FORMATO
Nota de contenido con formato Cine y mas cine en San Jose
Mención de responsabilidad Julio Acuña
505 ## - NOTA DE CONTENIDO CON FORMATO
Nota de contenido con formato Critica Literaria la Maliciosa
Mención de responsabilidad Jorge Rodriguez Padrón
505 ## - NOTA DE CONTENIDO CON FORMATO
Nota de contenido con formato Poesia
Mención de responsabilidad Jose Roberto Cea
505 ## - NOTA DE CONTENIDO CON FORMATO
Nota de contenido con formato Homenaje Pablo Antonio Cuadra
Mención de responsabilidad Carlos Tunnermann
505 ## - NOTA DE CONTENIDO CON FORMATO
Nota de contenido con formato Publicaciones Recibidas
Mención de responsabilidad Aglae Margalli
650 ## - PUNTO DE ACCESO ADICIONAL DE MATERIA--TÉRMINO DE MATERIA
Fuente del encabezamiento o término Tesauro de Arte & Arquitectura
Término de materia o nombre geográfico como elemento de entrada POESIA
9 (RLIN) 703
650 ## - PUNTO DE ACCESO ADICIONAL DE MATERIA--TÉRMINO DE MATERIA
Fuente del encabezamiento o término Tesauro de Arte & Arquitectura
Término de materia o nombre geográfico como elemento de entrada ENTREVISTA
9 (RLIN) 702
650 ## - PUNTO DE ACCESO ADICIONAL DE MATERIA--TÉRMINO DE MATERIA
Fuente del encabezamiento o término Tesauro de Arte & Arquitectura
Término de materia o nombre geográfico como elemento de entrada LITERATURA
9 (RLIN) 702
650 ## - PUNTO DE ACCESO ADICIONAL DE MATERIA--TÉRMINO DE MATERIA
Fuente del encabezamiento o término Tesauro de Arte & Arquitectura
Término de materia o nombre geográfico como elemento de entrada NARRATIVA
650 ## - PUNTO DE ACCESO ADICIONAL DE MATERIA--TÉRMINO DE MATERIA
Fuente del encabezamiento o término Tesauro de Arte & Arquitectura
Término de materia o nombre geográfico como elemento de entrada ESPAÑOL
942 ## - ELEMENTOS DE ENTRADA SECUNDARIOS (KOHA)
Fuente del sistema de clasificación o colocación Clasificación Decimal Dewey
Tipo de ítem Koha Libros
Parte de la signatura que corresponde a la clasificación (Parte de la clasificación) 800
Parte de la signatura que identifica el ejemplar (Parte del ítem) P419m
Suprimir en OPAC No
Holdings
Estatus retirado Estado de pérdida Fuente del sistema de clasificación o colocación Especificación de materiales (volumen encuadernado u otra parte) Estado de daño No para préstamo Colección Biblioteca de origen Biblioteca actual Fecha de adquisición Enumeración/cronología de publicación seriada Número de inventario Total de préstamos Signatura topográfica completa Código de barras Visto por última vez Precio de reemplazo Tipo de ítem Koha
    Clasificación Decimal Dewey 2     Revistas Biblioteca LadoV Biblioteca LadoV 07/06/2023 5 003047   800 P419m 003047 07/06/2023 07/06/2023 Libros